000
00315nam a22001337a 4500
008
180206b xxu||||| |||| 00| 0 eng d
020
_a
9780735550636
041
_a
eng
080
_a
345.73
100
_a
13
101
_a
SHJ
245
_a
Criminal Procedure II: From Bail to Jail
_c
Singer, R.G
942
_2
udc
_c
BK
999
_c
41901
_d
41901